Anorganická technologie : určeno pro posl. fak. chem. technologie. [Díl] 4, Elektrolytická výroba anorganických látek /

Uložené v:
Podrobná bibliografia
Hlavný autor: Srb, Václav (Author)
Médium: Kniha
Jazyk:Czech
Vydané: Praha : Státní nakladatelství technické literatury, 1984.
Vydanie:1. vyd.
ISBN: (brož.)
Fyzický popis: 92 s. : obr., grafy, tb.
Tagy: Pridať tag
Žiadne tagy, Buďte prvý kto otaguje tento záznam!

MARC

LEADER 00000nam a2200000 4500
001 000410064
005 20121113191710.0
008 841016s1984 xr f 000 0 cze d
020 |a (brož.)  |c Kčs 7,50 
040 |a SVKKK  |b slo  |c SVKKK  |e AACR2 
041 0 |a cze 
044 |a xr  |c CZ 
100 1 |a Srb, Václav  |4 aut 
245 1 0 |a Anorganická technologie :  |b určeno pro posl. fak. chem. technologie.  |n [Díl] 4,  |p Elektrolytická výroba anorganických látek /  |c Václav Srb. 
246 3 0 |a Elektrolytická výroba anorganických látek 
250 |a 1. vyd. 
260 |a Praha :  |b Státní nakladatelství technické literatury,  |c 1984. 
300 |a 92 s. :  |b obr., grafy, tb. 
366 |e 317 výt. 
500 |a Rozmn. 
500 |a Vyd. Vys. škola chemicko-technologická v Praze 
910 |a svkkk 
998 |a BK 
090 |g SCKHL  |k Sklad Pribinova 3. posch.  |a V.136746  |j 697602  |i 2720972383  |s Povinný výt.